LIBRARY & INFORMATION CENTRE, KCAET, TAVANUR

ONLINE PUBLIC ACCESS CATALOGUE (OPAC)

Water Resources Management for enhancing Water Productivity (Record no. 15584)

MARC details
000 -LEADER
fixed length control field 00429nam a22001577a 4500
003 - CONTROL NUMBER IDENTIFIER
control field OSt
008 - FIXED-LENGTH DATA ELEMENTS--GENERAL INFORMATION
fixed length control field 190517b ||||| |||| 00| 0 eng d
020 ## - INTERNATIONAL STANDARD BOOK NUMBER
ISBN 978938305728
082 ## - DEWEY DECIMAL CLASSIFICATION NUMBER
Classification number 551.48
Item number GON/WA
245 ## - TITLE STATEMENT
Title Water Resources Management for enhancing Water Productivity
260 ## - PUBLICATION, DISTRIBUTION, ETC. (IMPRINT)
Place of publication New Delhi
Name of publisher New India Publishing Agency
Year of publication 2018
300 ## - PHYSICAL DESCRIPTION
Number of Pages 236 p.
700 ## - ADDED ENTRY--PERSONAL NAME
Personal name Gontia, N K
700 ## - ADDED ENTRY--PERSONAL NAME
Personal name Rank, H D
942 ## - ADDED ENTRY ELEMENTS (KOHA)
Koha item type Books
Holdings
Withdrawn status Lost status Damaged status Collection code Home library Current library Shelving location Date acquired Cost, normal purchase price Full call number Accession Number Koha item type
      Non-fiction KAUAET KAUAET General Stacks 17/05/2019 2195.00 551.48 GON/WA 25776 Books
free website counter